| 000 | 00510cam a22001457a 4500 | ||
|---|---|---|---|
| 008 | 180718b2002 xxu||||| |||| 00| 0 eng d | ||
| 082 | _aA81x54 91/9/PT4B/1A/C | ||
| 100 | _aCensus of India 1991 | ||
| 245 | _aHimachal Pradesh: language | ||
| 260 |
_aDelhi _bThe Controller of Publications _c2002 |
||
| 300 | _a148+p. | ||
| 440 | _aCensus of India 1991. Series 9, Himachal Pradesh. Part 4B(i)(a)-C series | ||
| 500 | _aContents: Table C-7 | ||
| 650 | _aLanguage and languages - Census - India - Himachal Pradesh | ||
| 999 |
_c491025 _d491025 |
||